La experiencia chilena: consensos para el desarrollo

Sparad:
Bibliografiska uppgifter
Huvudupphovsmän: Isern Munné, Pedro Pablo (Författare, medförfattare), Salvia, Gabriel Constancio (Författare, medförfattare)
Materialtyp: Bok
Språk:spanska
Publicerad: Buenos Aires CADAL 2005
Upplaga:1a. ed
Ämnen:
Taggar: Lägg till en tagg
Inga taggar, Lägg till första taggen!

MARC

LEADER 00000nam a2200000 a 4500
001 UCI8662
003 CL-VaPUC
008 080922e20050000AG |||||||||||||||||spa|d
020 |a 9872112967 
082 0 4 |a 338.983  |b ISE  |2 21 
100 0 |a Isern Munné, Pedro Pablo  |e author  |9 532224 
700 0 |a Salvia, Gabriel Constancio   |e author  |9 532225 
245 1 3 |a La experiencia chilena: consensos para el desarrollo 
250 |a 1a. ed 
300 |a 216 p 
942 |c BK 
945 |d 20080922 00:00:00  |a rbrito 
260 |a Buenos Aires  |b CADAL  |c 2005 
650 0 |a Política económica  |z Chile  |9 864957 
650 0 |a Desarrollo económico  |9 259599 
650 0 |a Macroeconomía   |9 260301 
650 0 |a Economía   |9 255568 
650 0 |a Políticas públicas  |9 309677 
651 7 |a CHILE  |2 CL-VaPUC  |9 532227 
583 |a last modification  |c 20080922 00:00:00  |k Rodrigo Vera 
999 |c 331478  |d 331476 
952 |0 0  |1 0  |4 0  |6 338_983000000000000_ISE_2005  |7 0  |8 A  |9 418162  |a BIBHIS  |b BIBHIS  |d 2019-11-22  |i 4482204  |l 1  |o 338.983 ISE 2005  |p 4482204  |r 2025-01-20  |s 2022-08-31  |w 2019-11-22  |y BK  |k HIS